| 000 | 01212nam a22002657a 4500 | ||
|---|---|---|---|
| 003 | OSt | ||
| 005 | 20250911174124.0 | ||
| 008 | 240207b ||||| |||| 00| 0 eng d | ||
| 040 | _c0 | ||
| 082 | _aDPer 621.381 In821 April 2022 v. 37 n. 4 | ||
| 100 |
_aWang, Xiaoqing. _eauthor. _951650 |
||
| 245 |
_aControl and modulation of a single-phase AC/DC coverter with smooth bidirectional mode switching and symmetrical decoupling voltage compensation / _cXiaoqing Wang, Min Chen, Bodong Li, Guannan Zhu, Lei Chen, Xinnan Sun, Dongbo Zhang, and Jingxin Hu. |
||
| 260 |
_aNew York ; _bThe Institute of Electrical and Electronics Engineers, Inc. , _cApril 2022. |
||
| 300 |
_aVolume 37, pages 3836-3853 : _billustration ; _c28 cm. |
||
| 500 | _aIEEE Transaction on Power Electronics, vol. 37, no. 4, pages 3836-3853, April 2022. | ||
| 700 |
_aWang, Xiaoqing. _eauthor. _951650 |
||
| 700 |
_aChen, Min. _eauthor.Bodong Li, _951651 |
||
| 700 |
_aLi, Bodong. _eauthor. _951652 |
||
| 700 |
_aZhu, Guannan. _eauthor. _951653 |
||
| 700 |
_aChen, Lei. _eauthor. _951654 |
||
| 700 |
_aSun, Xinnan. _eauthor. _951655 |
||
| 700 |
_aZhang, Dongbo. _eauthor. _951656 |
||
| 700 |
_aHu, Jingxin. _eauthor. _951657 |
||
| 942 |
_2ddc _cPER |
||
| 999 |
_c18961 _d18961 |
||